| 000 | 00000nas 2200000za 4500 |
| 001 | 9.842856 |
| 003 | CaOODSP |
| 005 | 20250507143427 |
| 007 | cr ||||||||||| |
| 008 | 170831c20169999onc x m o f0 a0eng|d |
| 040 | |aCaOODSP|beng |
| 043 | |an-cn--- |
| 086 | 1 |aD97-4E-PDF |
| 130 | 0 |aManagement series (Communications Security Establishment (Canada)) |
| 245 | 10|aManagement series |h[electronic resource] : |binformation technology security guidance. |
| 260 | |a[Ottawa] : |bCommunications Security Establishment = Centre de la sécurité des télécommunications, |c[2016]- |
| 310 | |aIrregular |
| 362 | 1 |aBegan with: ITSM.80.001 (July 2016). |
| 500 | |aIssued also in French under title: Série gestionnaires, conseils en matière de sécurité des technologies de l'information. |
| 692 | 07|2gccst|aInformation technology |
| 692 | 07|2gccst|aFederal government |
| 692 | 07|2gccst|aSecurity |
| 710 | 2 |aCommunications Security Establishment (Canada) |
| 775 | 08|tSérie gestionnaires |w(CaOODSP)9.842857 |